| 000 | 01069nam0a22002651i 4500 | ||
|---|---|---|---|
| 001 | rc\3351983 | ||
| 005 | 20240725232909.0 | ||
| 021 |
_aRU _b70-1014 |
||
| 021 |
_aRU _bРг6482-70 |
||
| 035 | _a(NLR Aleph) 007436794 | ||
| 090 |
_a7073504 _c7073504 |
||
| 100 | _a20130115d1969 |||y0rusy50 ca | ||
| 101 | 0 | _arus | |
| 102 | _aRU | ||
| 105 | _ay d |||a| | ||
| 200 | 1 |
_aБелорусская поэма в XIX - начале XX века _eСтановление жанра _eАвтореферат дис. на соискание учен. степени д-ра филол. наук _fАН БССР. Ин-т литературы им. Я. Купалы |
|
| 210 |
_aМинск _d1969 |
||
| 215 |
_a51 с. _d19 |
||
| 320 | _aСписок работ авт.: с. 51 | ||
| 532 | 1 | 1 | _aБелорусская поэма в девятнадцатом - начале двадцатого века |
| 700 | 1 |
_aЛазарук _bМ.А. _f1926- _gМихаил Арсеньевич |
|
| 801 | 0 |
_aRU _bNLR _gpsbo |
|
| 801 | 1 |
_aRU _bELAR _2rusmarc |
|
| 852 |
_aNLR _j70-4/7303 |
||
| 942 | _cBOOK | ||